| 000 | 00650nam a2200181 4500 | ||
|---|---|---|---|
| 001 | 140159 | ||
| 003 | ES-MaACL | ||
| 005 | 20230906200024.0 | ||
| 007 | t| | ||
| 008 | 070214s1958 sp r ||||1| spa d | ||
| 100 | 1 |
_aSeemann, Otto. _9105096 |
|
| 245 | 1 | 0 |
_aMitologías clásica ilustrada / _cOtto Seemann ; traducción castellana y prólogo Eduardo Valentí ; ilustración y montaje artístico Carlos Cid. |
| 260 |
_aBarcelona : _bVergara, _c1958. |
||
| 300 |
_a639 p., 2 lám. neg., 1 lám. col. : _bil. ; _c27 cm. |
||
| 700 | 1 |
_aValentí Fiol, Eduardo. _9112600 |
|
| 700 | 1 |
_aCid Priego, Carlos. _938772 |
|
| 852 |
_aES-MaACL _jC-14400 _bR.41829 |
||
| 999 |
_c140159 _d140159 |
||